000 00896cam a2200277 a 4500
001 3868795
003 NUST - PNEC
005 20170116181131.0
008 910313s1987 pk b 001 0 eng
010 _a 88931020
040 _aDLC
_cLIBRARY
_dDLC
043 _aa-pk---
_aa-ii---
050 0 0 _aDS480.45
_b.M837 1987
082 0 0 _a954.035 MUN
_220
100 1 _aMunawwar, Muhammad,
_d1923-2000.
245 1 0 _aDimensions of Pakistan movement /
_cMuhammad Munawwar.
250 _a1st ed.
260 _aLahore :
_bInstitute of Islamic Culture,
_c1987.
300 _a274 p. ;
_c22 cm.
504 _aIncludes bibliographical references (p. 265-274) and index.
650 0 _aPakistan movement.
651 0 _aIndia
_xGeneral book
_y1919-1947.
906 _a7
_bcbc
_corignew
_d3
_encip
_f19
_gy-gencatlg
942 _2ddc
_cBK
999 _c69988
_d69988